00503nam a2200181 a 4500001001300000003000900013005001700022008004100039020002200080082001700102100001500119245005800134260004700192300000900239500003500248650002300283700001500306nice12345678IN_TiNIC20260116014500.0070320s2004 newa grp 000 0 eng  a8176497096 c9900a155.25bSCO1 aScott, Dru aStress That Motivatesb Self-Talk Secrets for Success aNew Delhi bViva Books, 3rd Edition c2004 a110p aincludes index and biblioraphy aSelf-Actualization1 aScott, Dru